000 01691nam0a2200445 4500
001 RU\NLR\BIBL_A\011104813
005 20260608070053.0
010 _a978-5-903851-48-5
_91500
021 _aRU
_b2016-25214
_91610
035 _a(NILC)RuMoRGB-008266491
035 _a(NLR Aleph) 011104813
090 _a11440667
_c11440667
100 _a20160419d2016 |||y0rusy50 ca
101 1 _arus
_ceng
102 _aRU
105 _ay|||z|||001yy
200 1 _aАюрведа: жизнь, здоровье, долголетие
_fРоберт Э. Свобода
_g[пер. с англ. А. Блейз, Т. Долинина, И. Левушкин]
205 _a[6-е изд.]
210 _aМосква
_cСаттва
_d2016
215 _a380 с.
_d22
225 1 _aАюрведа
300 _aЗагл. обл.: Жизнь, здоровье, долголетие
320 _aБиблиогр.: с. 348-350
320 _aАлф.указ.: с. 357-377
320 _aУказ. лат. назв. раст.: с. 378-380
333 _a16+
512 1 _aЖизнь, здоровье, долголетие
606 _aАюрведа
_3RU\NLR\AUTH\66120439
_91113449
606 1 _aЖизнь
_xПродление
_xРоль аюрведы
_92340748
_3RU\NLR\AUTH\661399171
606 1 _aЗдоровье
_xРоль аюрведы
_92340746
_3RU\NLR\AUTH\661399170
675 _a615.8
686 1 _aР359.12
686 1 _aР120.4
700 1 _4070
_7ca
_8rus
_aСвобода
_bР. Э.
_f1953-
_gРоберт Э.
_9124402
_3RU\NLR\AUTH\7714734
801 0 _aRU
_bРГБ
_c20160404
_gRCR
942 _cBOOK
980 _aNBR
980 _aNB